000 00700nam a2200241Ia 4500
003 GCL
008 140319s9999 xx 000 0 ara d
040 _aGCL /
_cGCL
082 0 4 _a633
_bك ف
100 1 _aابن وحشية النيطى، ابوبكر احمد
245 1 0 _aالفلاحه /
_cابن وحشية النيطى، ابوبكر احمد
700 1 _aتوفيق فهد
300 _a1511
490 _a100 قصة
_v0
650 0 4 _aالزراعة
650 0 4 _aالفواكهة
650 0 4 _aالمحاصيل الزراعية
650 0 4 _aالخضروات
650 0 4 _aالاشجار
650 0 4 _aالحبوب والغلال
650 0 4 _aالبقول
942 _2ddc
_cBK
999 _c43994
_d43994